000 00711nam a2200229Ii 4500
003 JO-AjNU
008 230605s9999||||xx |||||||||||||| ||und||
017 _a2002/11567
020 _a977-01-7909-4
040 _aJO-AjNU
_bara
_erda
_cJO-AjNU
041 _aara
050 1 4 _aPJ7816.A15 2002
100 3 _aالبيسي، سناء,
_eauthor
_910078
245 0 0 _aأموت وأفهم
264 3 1 _aالقاهرة: الهيئة المصرية العامة للكتاب، 2002
300 _a343ص
336 _atext
_btxt
_2rdacontent
337 _aunmediated
_bn
_2rdamedia
338 _avolume
_bnc
_2rdacarrier
490 0 _aسلسلة الاعمال الخاصة
650 4 _aروايات عربية
_910079
999 _aA1625
_c5193
_d5193